| 000 | 00526 a2200181 4500 | ||
|---|---|---|---|
| 005 | 20260314095159.0 | ||
| 008 | 260313b |||||||| |||| 00| 0 eng d | ||
| 020 |
_a9789356170681 _cRs. 1995.00 |
||
| 040 | _aMAIN | ||
| 082 |
_a181.4 _bD26H |
||
| 100 | _aDasgupta, Surendranath | ||
| 245 | _aHistory of Indian Philosophy,V3- Principle dualistic and pluralistics system | ||
| 260 |
_aNew Delhi _bShri Sai Printographers _c2026 |
||
| 300 | _axiii, 614 | ||
| 650 | _aPhilosophy | ||
| 650 | _aIndian Philosophy | ||
| 942 | _cBK | ||
| 999 |
_c396205 _d396205 |
||